Burgerpommes Lyrics - Statistiken

Allgemein
  • Dieses Quiz wurde 188 mal gespielt
    142 seit der letzten Aktualisierung
  • Das Durchschnittsergebnis liegt bei 158 aus 326
Antwortstatistiken
Lyric % Korrekt
Burger
99%
die
98%
Die
98%
auf
97%
ein
97%
Pommes
97%
in
93%
den
92%
rein
88%
Eins
84%
Burgerpommes
75%
Pack
73%
geht
71%
Zeit
71%
zu
71%
jede
70%
McDonalds
69%
jeder
61%
Jeder
61%
Ich
52%
ich
52%
McDrive
44%
sie
41%
und
40%
Und
40%
fahr
36%
Lambo
36%
das
34%
mein
34%
steh
31%
dir
30%
wissen
30%
Bescheid
29%
du
29%
wir
29%
Wir
29%
der
28%
es
28%
sehen
28%
Wenn
28%
direkt
26%
Direkt
26%
ist
25%
Ey
23%
hier
23%
Alle
22%
alle
22%
meinen
22%
so
22%
Lehrer
21%
oder
21%
dass
20%
hassen
20%
Dein
19%
Eierkopf
19%
Klasse
19%
ob
19%
Trick
19%
war
19%
an
18%
bist
18%
Clash
18%
dem
18%
Denn
18%
diesen
18%
hat
18%
Tisch
18%
wie
18%
Wie
18%
Disstrack
17%
gehen
17%
schlecht
16%
weil
16%
Bock
15%
egal
15%
jetzt
15%
Junge
15%
keiner
15%
klein
15%
langweilig
15%
Unterricht
15%
bei
14%
groß
14%
Knecht
14%
McDonalds-Tüte
14%
mit
14%
Prime
14%
sein
14%
Beste
13%
beste
13%
Boys
13%
Burgerpommes-Merch
13%
danach
13%
Danach
13%
deine
13%
finden
13%
Girls
13%
größte
13%
Grüße
13%
Kleiner
13%
Lukas
13%
mega
13%
Paulberger
13%
raus
13%
rockt
13%
Takis
13%
weiß
13%
wird
13%
geil
12%
gibt
12%
heiß
12%
Ja
12%
kann
12%
Limo
12%
wollen
12%
beiß
11%
Boxsäcke
11%
Fans
11%
fetze
11%
GTA 6
11%
leben
11%
Name
11%
no
11%
rocken
11%
uns
11%
vor
11%
zersmasht
11%
Burgerpommes-Rezept
10%
iCrimax
10%
TNT
10%
Zahnlücke
10%
blaue
9%
geilen
9%
gerne
9%
grad
9%
knusprig
9%
kommt
9%
Minecraft-Style
9%
nur
9%
saftig
9%
schenk
9%
Base
8%
beißt
8%
bins
8%
Candyshop
8%
cap
8%
endlich
8%
holen
8%
Kombi
8%
ner
8%
Sogar
8%
sprengen
8%
Style
8%
vorbei
8%
Was
8%
einfach
5%
Mecces
5%
Moin
4%
Alter
3%
Huiii
3%
weißt
3%
Keine übereinstimmenden Quizze gefunden
Verteilung der Resultate
Anzahl Personen mit jedem Resultat
Perzentil nach korrekt beantworteten Fragen
Ihre Resultats-Entwicklung
Sie haben dieses Quiz seit der letzten Aktualisierung nicht gespielt